[Event "Olympiad-42"]
[Site "Baku"]
[Date "2016.09.09"]
[Round "7.1"]
[White "Rapport, Richard"]
[Black "Pelletier, Yannick"]
[Result "0-1"]
[WhiteElo "2752"]
[BlackElo "2555"]
[Annotator "Iotov,V"]
[PlyCount "132"]
[EventDate "2016.09.02"]
[EventType "team-swiss"]
[EventRounds "11"]
[EventCountry "AZE"]
[SourceTitle "CBM 175"]
[Source "ChessBase"]
[SourceDate "2016.11.10"]
[SourceVersion "1"]
[SourceVersionDate "2016.11.10"]
[SourceQuality "1"]
[WhiteTeam "Hungary"]
[BlackTeam "Switzerland"]
[WhiteTeamCountry "HUN"]
[BlackTeamCountry "SUI"]

1. d4 Nf6 2. Bg5 e6 3. Nc3 {In typical Rapport style...} (3. e4 $5 {Considered
as the older theory, White attempts to take control of the centre with his
dark-squared bishop being the price.} h6 $1 4. Bxf6 Qxf6 5. c3 d5 6. Nd2 c5 $11
) 3... h6 $5 {One of the three main moves in this position. What follows are
quite interesting practical positions which could take many routes.} (3... d5
4. e4 {Transforms into a French Defence with 4.Bg5:} dxe4 5. Nxe4 Nbd7 (5...
Be7 6. Bxf6 Bxf6 7. Nf3 Nd7 8. Qd2 O-O 9. O-O-O a5 10. h4 a4 11. a3 b6 12. Bd3
$14 {1-0 Edouard,R (2688)-L'Ami,A (2381)/Leon ESP 2012}) 6. Nf3 Be7 7. Nxf6+
Bxf6 8. h4 c5 9. Qd2 cxd4 10. O-O-O e5 11. Bd3 O-O 12. Rhe1 Re8 13. Bxf6 Qxf6
14. Qg5 Kf8 15. Qg3 h6 16. Bb5 e4 17. Nxd4 $16 {1-0 Rapport,R (2704)-Spasov,V 
(2546)/Palic SRB 2014}) (3... Bb4 $5 4. e4 (4. Qd2 $5 {could possibly
transpose back into the game.} d5 $1 $11) 4... h6 5. Bxf6 Qxf6 6. Qd2 $1 (6. a3
$6 {There is no need for White to freely ruin his own pawn structure.} Bxc3+ 7.
bxc3 d6 8. Bd3 e5 9. Ne2 Nc6 10. O-O O-O $15 {0-1 Zhang Pengxiang (2616)-Wang
Yue (2736)/JinZhou CHN 2009}) 6... d5 $1 {Other popular moves are 6...0-0, ...
d6, and even ...c5.} 7. e5 Qd8 8. a3 Be7 9. f4 c5 10. dxc5 Bxc5 11. Nf3 Nc6 12.
Bd3 Bd7 13. f5 a6 14. O-O-O Qc7 $15 {0-1 Mamedyarov,S (2743)-Nepomniachtchi,I 
(2730)/Dubai UAE 2014}) 4. Bxf6 (4. Bh4 $5) 4... Qxf6 5. Qd2 (5. e4 Bb4 $11 {
see 3...Bb4.}) 5... Bb4 $6 {I do not like the idea of giving up the bishop
pair for free as it is the only way for Black to possibly fight for the
positional advantage.} (5... d5 6. Nf3 (6. e4 Bb4 $1 $15) 6... Qd8 {Improving
the location of the queen.} (6... c5 $6 {Attempting to take control of the
centre.} 7. e4 $1 cxd4 8. Nxd4 Bb4 9. exd5 O-O 10. a3 Bxc3 11. Qxc3 exd5 12.
Ne2 $1 Qb6 13. Qd4 Qa5+ 14. Qd2 Qxd2+ 15. Kxd2 Nc6 16. Rd1 $14) 7. O-O-O $14) (
5... a6 $5 6. e4 b5 7. Nf3 Bb7 8. Bd3 Qd8 9. O-O Be7 {Results in a similar
position to the variations resulting from 1.d4 Nf6 2.Nf3 e6 3.Bg5 h6 4.Bxf6
Qxf6 5.e4 d6 6.Nf3 Qd8.  White has the centre but has no targets to attack,
while Black has the bishop pair.}) 6. a3 Bxc3 7. Qxc3 $14 Nc6 8. Nf3 b6 9. e3
$6 {Why not take control of the centre when it is given for free?} (9. e4 Bb7
10. Bd3 O-O-O 11. O-O-O Kb8 12. Rhe1 $14 {Central strategy is always a sign of
good chess!}) 9... Bb7 10. Bb5 $6 {I am not sure what the idea of this move
might be... Is White really in a position to give up his only remaining bishop?
} (10. Be2 O-O 11. O-O Rfc8 $11) 10... Rc8 $6 (10... O-O $142) 11. e4 O-O (
11... Qf4 $1 {takes the initiative while the white king is still in the centre.
} 12. Qe3 Qxe3+ 13. fxe3 Ne7 14. Bd3 c5 15. c3 f6 $15) 12. O-O Nb8 {[%csl Rb8]}
(12... Ne7 $5 {[%csl Ge7] A much better location for the knight in comparison
to b8.} 13. Bxd7 Rcd8 14. Ne5 Bxe4 15. Rae1 Bd5 16. Bb5 (16. Qxc7 $6 Ng6 $44 {
[%csl Rd7]}) 16... Qg5 17. g3 Nf5 $132) 13. Qe3 c5 14. Rad1 cxd4 $6 (14... d5
$1 15. e5 Qe7 16. c3 Ba6 $1 17. Bxa6 Nxa6 $11) 15. Nxd4 $14 e5 $2 (15... Qe5
$142 {[%csl Ge5][%cal Ge5e4,Ge5b5]} 16. Rfe1 Nc6 $132) 16. Nf5 {[%csl Gf5]} d5
$8 {Unfortunately for Black, the only way to proceed.} 17. f4 $1 $40 {[%csl
Gf5,Rf6][%cal Gd1d8,Gf1f8]} Rxc2 (17... dxe4 18. Nd6 exf4 19. Rxf4 Qe5 20. Nxc8
Rxc8 21. Ba4 $18 {[%csl Rf7][%cal Ga4b3,Gb3f7]}) 18. Qg3 Rxb2 19. Rf3 $4 {
Chess is all about time management, which is why moves like 19.Rf3 which
forfeit the initiative (not improving the position / not creating a threat)
could lead to some very serious repercussions.} (19. fxe5 $1 Qg5 20. Qxg5 hxg5
21. e6 Rxb5 22. Nd6 Bc6 23. exd5 Rc5 (23... Rxd5 24. e7 Rxd1 25. Rxd1 $16) 24.
dxc6 Nxc6 25. exf7+ Kh7 26. Rfe1 {[%csl Gf7]} Re5 27. Rc1 Rxe1+ 28. Rxe1 $16)
19... exf4 20. Rxf4 Bc8 $5 (20... Rxb5 $1 21. Nxg7 Rb3 $1 22. Nh5+ Qg5 23. Qxb3
Qxh5 24. Qg3+ Kh7 25. Rdf1 Nd7 26. Rf5 Qg6 27. Qc7 Ba6 28. Qxd7 Bxf1 29. Rxf1
dxe4 $15) 21. e5 Qxf5 22. Rxf5 Bxf5 {Definitely a situation I wouldn't want to
be caught in. White has virtually no targets to attack and not nearly enough
resources to create counterplay, which means he is doomed to fight for a draw!
In a practical setting, I would easily evaluate this position ias being in
Black's favour, though the computer doesn't seem to be so generous...} 23. Bd3
$6 (23. Bf1 $1 {[%csl Rb2]} Be4 (23... Rc2 24. Rxd5 Nd7 25. Rd1 Nc5 26. Qh4 $11
) 24. Rc1 Nd7 25. Qc3 Ra2 26. Qb3 Rd2 27. Qe3 Ra2 28. Qb3 $11) 23... Be6 $17 {
I give a larger advantage than the computer awards due to the lack of
counterplay.} 24. Rc1 (24. Bb1 Rc8 25. Qd3 g6 26. Qd4 Re2 27. Qa4 Nc6 28. Bd3
Rxe5 $17) 24... Nd7 25. Bc2 Nc5 26. Qc3 Ra2 $5 {[%cal Ga2h2] Keeping the rook
active!} (26... Rb5 27. a4 Ra5 28. Qd4 Rc8 29. Bd1 $132) 27. Bb1 d4 28. Qb4 (
28. Qxd4 Rxa3 {[%csl Ga7,Gb6]} 29. h3 Ra5 30. Qd6 Re8 $17 {[%csl Re5][%cal
Ga5e5,Ge8e5]}) 28... Rd8 $6 {I don't see the need for this sacrifice...} (28...
Re2 $142 29. Qxd4 Re8 $17) 29. Bxa2 Bxa2 {[%csl Gd4]} 30. Rd1 d3 31. Rd2 Be6
32. a4 Rd5 33. h3 Nd7 34. Qe7 Kh7 35. Rd1 a5 36. Qd8 Nc5 37. Qxb6 Nxa4 38. Qe3
Nc5 39. Rc1 Nd7 40. h4 $6 {[%csl Rg4] So far White has defended well, but now
has created a weakness on g4 for free. As a rule, players should avoid making
such important moves just before the time control.} (40. Qe4+ g6 41. Qa4 Nxe5
42. Rd1 Bd7 43. Qb3 Rc5 44. Qb2 Rb5 45. Qd4 Be6 46. Qa4 Rd5 $11 {I wouldn't
evaluate this position as equal, but it is not an easy task to argue with the
computer. Of course, such a position would be a nightmare in a practical
setting.}) 40... h5 $17 {[%csl Rg1,Rg4][%cal Gd7e5,Ge5g4]} 41. g4 $4 {A human
move, born out of impatience and low energy levels after defending for so long.
} (41. Qe4+ $142 g6 42. Rd1 Nxe5 $17) 41... hxg4 42. Qe4+ Kg8 43. Rc8+ Nf8 $19
{The rest is of the game is a matter of simple technique.} 44. Rc1 d2 45. Rd1
Ng6 46. h5 Nxe5 47. Kg2 Nf3 48. Kg3 Rxh5 49. Rb1 g6 50. Rb8+ Kg7 51. Rd8 Rc5
52. Qb1 Rc8 53. Qb2+ Kh6 54. Rd3 Kh7 55. Qf6 a4 56. Rd6 Bb3 57. Rd7 Kg8 58. Qa1
d1=Q 59. Rxd1 Bxd1 60. Qxd1 Rc4 61. Qd8+ Kg7 62. Qd3 Ne5 63. Qe3 f6 64. Kh4 Rf4
65. Kg3 Rf3+ 66. Kh4 Rh3+ 0-1

[Event "Capablanca Memorial Elite 31st"]
[Site "Cienfuegos"]
[Date "1996.??.??"]
[Round "4"]
[White "Miles, Anthony John"]
[Black "Garcia, Gildardo"]
[Result "0-1"]
[WhiteElo "2635"]
[BlackElo "2525"]
[Annotator "Kantsler,B"]
[PlyCount "66"]
[EventDate "1996.05.??"]
[EventType "tourn"]
[EventRounds "13"]
[EventCountry "CUB"]
[EventCategory "12"]
[SourceTitle "CBM 054"]
[Source "ChessBase"]
[SourceDate "1996.10.01"]
[SourceVersion "1"]
[SourceVersionDate "1996.10.01"]
[SourceQuality "1"]

1. d4 Nf6 2. Bg5 c5 3. Bxf6 gxf6 4. d5 Qb6 5. Qc1 Bg7 6. c4 (6. g3 f5 7. c3 d6
8. Nd2 (8. e3 Nd7 9. Nh3 Nf6 10. Bc4 e5 11. Ng5 Bd7 12. Nd2 Qd8 $13 {Beshukov,
S-Nadyrhanov,S/URS/1995/0:1/45/}) 8... O-O 9. Nh3 Nd7 10. Nc4 Qa6 11. Qf4 Nf6
12. Bg2 Ne4 13. Ne3 e6 $13 {Conquest,S-Panno,O/Buenos Aires/1994/}) 6... f5 7.
Nc3 d6 8. e3 Nd7 9. f4 $6 {N/} (9. Nge2 Nf6 10. Ng3 h5 11. Bd3 e6 12. Qc2 Bd7
$13 {Gurevich,M-Alterman,B/Haifa/1995/}) (9. Qd2 Nf6 10. f3 e5 $6 (10... Bd7 $5
{/\0-0-0,e6/} 11. Bd3) 11. Bd3 h5 12. Nge2 Bh6 13. Qc2 $1 $14) 9... Qb4 $5 10.
Nf3 $8 (10. Bd3 Nb6 $17) (10. a3 $6 Qb3 $17) (10. Qc2 $6 Nb6 11. a3 Bxc3+ 12.
bxc3 Qa4 $17) 10... Nf6 (10... Nb6 $6 11. Nd2 Na4 12. Nxa4 Qxa4 13. Bd3 $13)
11. a3 Qa5 12. Nd2 Ne4 $1 (12... O-O $6 13. Bd3 $14) 13. Ndxe4 fxe4 14. Be2 f5
$1 (14... O-O $6 15. O-O f5 16. Kh1 {/\Rg1,g4|^/}) 15. O-O (15. Bh5+ Kf8 $17)
15... Bd7 16. Bh5+ Kd8 17. Ne2 $6 b5 $1 18. Rb1 bxc4 19. Qxc4 Bb5 20. Qc1 Bd3
21. b4 (21. Ra1 Qb6 $17) 21... cxb4 22. Rxb4 Qxd5 23. Qd2 Rc8 24. Rfb1 Rc7 25.
h3 Kd7 26. Rc1 Rhc8 27. Rxc7+ Rxc7 28. Qd1 Rc2 29. Qe1 $2 Bxe2 30. Bxe2 Bc3 $19
31. Qb1 (31. Bb5+ Kd8 32. Qb1 Qd2 $19) 31... Rxe2 32. Rb7+ Ke6 33. Kh2 Re1 0-1

[Event "ARG-ch"]
[Site "Argentina"]
[Date "1995.??.??"]
[Round "4"]
[White "Fiorito, Fabian"]
[Black "Ricardi, Pablo"]
[Result "0-1"]
[WhiteElo "2450"]
[BlackElo "2545"]
[Annotator "King,D"]
[PlyCount "76"]
[EventDate "1995.??.??"]
[EventType "tourn"]
[EventRounds "15"]
[EventCountry "ARG"]
[EventCategory "9"]
[SourceTitle "CBM 049"]
[Source "ChessBase"]
[SourceDate "1995.12.01"]
[SourceVersion "1"]
[SourceVersionDate "1995.12.01"]
[SourceQuality "1"]

1. d4 Nf6 2. Bg5 e6 3. e4 c5 4. e5 h6 5. Bc1 Ng8 6. c3 Nc6 7. Nf3 Nge7 8. Bd3
d6 9. exd6 Qxd6 10. O-O Bd7 11. Na3 cxd4 12. Nb5 Qb8 13. cxd4 Nd5 14. Nc3 Nf6
15. a3 Be7 16. Re1 O-O 17. Bc2 Qd6 18. g3 Na5 19. Qd3 Rac8 20. Ne5 Rfd8 21. Ng4
Bc6 22. Be3 b6 23. Nxf6+ Bxf6 24. b4 Bb7 25. Ne4 Bxe4 26. Qxe4 Nc4 27. Qh7+ Kf8
28. Rad1 Nxe3 29. fxe3 {A typical case where Black's king abandons its
hideaway on the kingside, but finds security in the centre on a dark square.
The bishop on f6 holds the fort successfully: it cannot be exchanged off, and
thus the king is safe.   Black's counter-attack is irresistable. Compare this
game with Wojtkiewicz-Luther, Altensteig 1995, in which Black is not so
fortunate.} Rc3 30. Be4 Rxa3 31. Rc1 Rxe3 32. Rxe3 Bxd4 33. Kg2 (33. Rce1 Bxe3+
$1 34. Rxe3 Qd1+ 35. Kg2 Rd2+ 36. Kh3 Qh5#) 33... Bxe3 34. Rf1 Qe5 35. Bg6 Rd2+
36. Kh3 Bf2 37. Qh8+ Ke7 38. Qxg7 Qxg7 0-1

[Event "Bundesliga 9798"]
[Site "Germany"]
[Date "1998.03.29"]
[Round "13.3"]
[White "Knaak, Rainer"]
[Black "Enders, Peter"]
[Result "0-1"]
[WhiteElo "2555"]
[BlackElo "2535"]
[Annotator "Knaak,R"]
[PlyCount "120"]
[EventDate "1997.10.18"]
[EventType "team-tourn"]
[EventRounds "15"]
[EventCountry "GER"]
[SourceTitle "CBM 064"]
[Source "ChessBase"]
[SourceDate "1998.06.02"]
[SourceVersion "1"]
[SourceVersionDate "1998.06.02"]
[SourceQuality "1"]
[WhiteTeam "Werder Bremen"]
[BlackTeam "Duisburg"]
[WhiteTeamCountry "GER"]
[BlackTeamCountry "GER"]

{[%mdl 20480]} 1. d4 Nf6 2. Bg5 e6 3. e4 h6 4. Bxf6 Qxf6 5. Nc3 Bb4 6. Qd2 d6
7. a3 Ba5 8. Nge2 (8. f4 {So hat Hodgson gegen Enders gespielt, aber mir
wollte die Stellung nach} Bxc3 9. bxc3 e5 {nicht gefallen:} 10. fxe5 Qh4+ $1)
8... c6 $6 9. b4 Bc7 (9... Bb6 $5) 10. a4 O-O $6 {Ich weiß nicht auf Anhieb,
was besser ist, aber so ergibt sich Schwarz kampflos. Die Leichtfiguren sind
sehr schwer zu entwickeln.} 11. a5 $16 e5 12. d5 Nd7 13. Ng3 Qg5 {Das scheint
tadelnswert zu sein, weil Weiß forciert ein gutes Endspiel bekommt. Aber
womöglich sind Alternativen noch schlechter.} 14. Qxg5 hxg5 15. dxc6 bxc6 16.
b5 Nb8 17. Be2 ({Auf} 17. Bc4 $1 {hatte ich} Be6 {als einzigen Zug gesehen.
Enders sagte nach der Partie, daß er den sehr wahrscheinlich nicht gespielt
hätte.} (17... Bd7 18. Ke2 cxb5 19. Bd5 Bc6 20. Nf5 Bd8 $16) 18. Bxe6 fxe6 19.
h3 $16) 17... g6 18. O-O Be6 19. Rfd1 Rd8 20. Nf1 {Jetzt droht b5-b6
fürchterlich.} ({Gleich} 20. b6 {bringt nichts:} axb6 21. axb6 Rxa1 22. bxc7
Rxd1+ 23. Nxd1 Rf8 24. cxb8=B Rxb8 {ist etwa Ausgleich.}) 20... cxb5 21. Nxb5
Na6 22. Nxc7 $2 (22. Ne3 $1 Bb8 {nebst Nc5 und a6 schien mir nicht klar.} 23.
f3 Nc5 24. a6 $1 $16 {(Oliver Reeh) Den hatte ich völlig übersehen.}) 22...
Nxc7 $14 23. Rab1 Ne8 24. Ne3 (24. h3 Nf6 25. f3 d5 $5) 24... Nf6 {RA, von mir
postwendend abgelehnt.} 25. f3 g4 $13 26. Rb7 (26. Bc4 Bxc4 27. Nxc4 Rac8 28.
Ne3 gxf3 29. gxf3 Rc7 $11) 26... gxf3 27. Bxf3 (27. gxf3 {ist auch ungesund.
Selbst wenn ich a7 oder d6 gewinne - Schwarz hat genug Gegenspiel.}) 27... Kf8
28. h3 $2 {Maßlose Überschätzung meiner Stellung und Unterschätzung der
schwarzen Möglichkeiten kommen hier zum Ausdruck. Der Bauernzug ist zwar
gelegentlich nützlich, hat aber wahrlich noch Zeit.} (28. Rc7 Ke8 29. Rb1 Rd7
30. Rbb7 Kd8 31. Rxd7+ $13) (28. g4 $6 g5 29. h4 gxh4 30. g5 Nh7 $17) (28. h4
$1 Ke8 29. g4 Rd7 30. Rb4 $14) 28... Ke8 {Die einfache Idee R d8-d7 war mir
entgangen.} 29. c4 (29. Rc7 $142 Rd7 30. Rc6 Ke7 31. Rb1 {Daß ich diese
Variante sah, aber verwarf ist typisch: Es war mir zu wenig.}) 29... Rd7 30.
Rxd7 $2 {Der wahre Verlustzug: Der Pa5 wird nun unheilbar schwach, weil der
schwarze König zu stark wird.} (30. Rb4 Ke7 31. h4 Rh8 32. g3 Rc7 $13) 30...
Kxd7 $17 31. c5 (31. Rb1 Kc7) 31... Kc6 (31... Ne8 32. cxd6 (32. Nd5 Rb8) (32.
Bg4 Rc8 33. Rf1 Bxg4 34. Nxg4 Ke6 $19) 32... Rc8 $17) 32. cxd6 (32. Rxd6+ Kxc5
33. Ra6 Ne8 34. Nd5 Bc8 $19) 32... Rd8 33. g4 Rxd6 34. Rc1+ Kb5 35. g5 Nh5 36.
Nd5 Nf4 $1 (36... Bxd5 37. exd5 Nf4 38. h4 $13) 37. Rb1+ Ka4 $1 (37... Kxa5 38.
Ra1+ Kb5 39. Nxf4 exf4 40. Rxa7) 38. Ra1+ Kb3 $1 39. Nxf4 exf4 40. h4 Rd2 {
Weiß spielt ohne König - das gibt den Ausschlag.} 41. Bg2 Kb4 42. a6 Kc5 43.
Ra5+ Kb6 44. Ra1 Ba2 45. Rf1 Kxa6 46. Rxf4 Kb5 47. Bf1+ Kc5 48. Ba6 Be6 49. Rf1
Kb6 50. Ra1 Rd4 51. h5 gxh5 52. Be2 Rxe4 53. Rb1+ Kc7 54. Bf3 Rf4 55. Kg2 a5
56. Rb7+ Kc8 57. Rb5 a4 58. Ra5 h4 59. Bd1 Bd7 60. Bc2 Kb7 0-1

[Event "Bundesliga 9798"]
[Site "Germany"]
[Date "1998.04.25"]
[Round "14.3"]
[White "Knaak, Rainer"]
[Black "Wells, Peter K"]
[Result "1/2-1/2"]
[WhiteElo "2555"]
[BlackElo "2530"]
[Annotator "Knaak,R"]
[PlyCount "87"]
[EventDate "1997.10.18"]
[EventType "team-tourn"]
[EventRounds "15"]
[EventCountry "GER"]
[SourceTitle "CBM 064"]
[Source "ChessBase"]
[SourceDate "1998.06.02"]
[SourceVersion "1"]
[SourceVersionDate "1998.06.02"]
[SourceQuality "1"]
[WhiteTeam "Werder Bremen"]
[BlackTeam "Passau"]
[WhiteTeamCountry "GER"]
[BlackTeamCountry "GER"]

{[%mdl 4136]} 1. d4 Nf6 2. Bg5 Ne4 3. Bf4 c5 4. f3 Qa5+ 5. c3 Nf6 6. d5 Qb6 7.
Bc1 e6 8. c4 Bd6 $5 {Eine interessante Idee.} 9. Nc3 O-O 10. e4 Be5 11. Bd3 {
Züge die den Springer decken sind auch riskant. Man darf nicht vergessen, daß
Weiß einen kleinen Entwicklungsrückstand hat.} (11. Nge2 $13) 11... Bxc3+ {
Pflicht!} 12. bxc3 {Ganz sicher war und bin ich mir nicht, ob Weiß besser
steht. Andererseits müßte erst mal eine Verbesserung des weiteren schwarzen
Spiels gefunden werden.} d6 13. Ne2 Re8 14. Qc2 Nbd7 15. f4 exd5 16. exd5 Qa5
17. O-O a6 18. a4 Nb6 19. Ng3 Bd7 20. Bd2 Nxa4 {Nun war ich unsicher, ob ich
am Damenflügel spielen sollte, um den Bauern zurückzugewinnen, oder ob ich die
Abwesenheit einiger schwarzer Figuren vom Königsflügel ausnutzen sollte.} 21.
Rfb1 $4 (21. Bf5 $1 b5 22. Nh5 $1 {Das hatte ich nicht gesehen; Wells teilte
es mir hinterher mit.} Nxh5 (22... Bxf5 23. Nxf6+ gxf6 24. Qxf5 Qd8 25. Rf3 $18
) 23. Bxd7 Re7 24. Bc6 Rb8 25. cxb5 axb5 26. c4 Qc7 27. Bxb5 Nb6 $16) 21... b5
22. cxb5 c4 (22... axb5 $1 23. Bxb5 c4 $1 {Fritz} (23... Bxb5 $2 {Das war
meine Hauptvariante bei 21.R fb1.} 24. c4 Qc7 25. Rxb5 Nb6 26. Rab1 $16) 24.
Rxa4 Qb6+ 25. Kh1 Bxb5) 23. Bxh7+ (23. Bxc4 axb5 24. Bb3 Qb6+ 25. Kh1 Ng4 26.
h3 Qd8 $36) 23... Nxh7 24. Rxa4 Qb6+ 25. Kh1 axb5 26. Rxc4 (26. Rxa8 Rxa8 27.
Re1 $13) 26... Nf6 27. Rd4 Qc5 28. Qd3 (28. h3 Ra4 (28... Nxd5 29. Qd3) 29.
Rxa4 bxa4 30. c4 Nxd5) 28... Ng4 29. Qf1 (29. Rf1 b4 30. cxb4 Qb6 $40) (29. Kg1
Ne5 (29... Ra2 30. h3 Ne5 31. fxe5 dxe5 32. Nh5 exd4 33. Qg3 g6 34. Nf6+ Kg7
35. Nxe8+ Bxe8) 30. Qc2) (29. Qf3 b4 (29... Ra4 30. h3 Rxd4 31. cxd4 Qxd4 32.
Bc3 Nf2+ 33. Kh2 Qd3 34. Qxd3 Nxd3 35. Nh5)) 29... Ra4 $15 30. Qg1 Rxd4 31.
Qxd4 Qxd4 (31... Nf6) 32. cxd4 {Es war mir nicht bewußt, wie schlecht ich hier
stehe.} Nf6 (32... Ra8 33. Bb4 Nf6 34. Bxd6) 33. Bb4 Nxd5 34. Bxd6 b4 35. Kg1 (
35. h4 Ba4 36. Rxb4 Nxb4 37. Bxb4 Rb8 38. Bc5 {mit besseren Remischancen als
in der Partie.}) 35... Ba4 $1 {Erst jetzt fing ich an, etwas länger zu
überlegen.} 36. Rxb4 {Vielleicht zu zeitig.} (36. Nf1 b3 37. Nd2 Nc3 38. Rxb3
Bxb3 39. Nxb3 $15) 36... Nxb4 37. Bxb4 Rb8 38. Bc5 $2 (38. Bd2 $1 Rb2 39. Nf1
Bb5 40. Be1 Rb1 41. Kf2 Bxf1 42. Kxf1 Rd1 $15) 38... Rb1+ 39. Kf2 Bc6 $2 (39...
Rb2+ 40. Kf3 Bd1+ (40... Bc6+ 41. Kg4 Rxg2 42. h4) 41. Ke4 Rxg2 $19) 40. Nf5
Rb2+ 41. Ke3 Rb3+ {Zu ängstlich.} (41... Bxg2 42. Ne7+ Kh7 43. d5 {Schwarz
geht hier kein Risiko ein.} Bf1 (43... Bh3 $6 44. f5 Rxh2 $2 45. d6 Bf1 46. Nc6
Re2+ 47. Kf3 $11) 44. h4 $17) 42. Kf2 Rb2+ 43. Ke3 Rb3+ 44. Kf2 1/2-1/2

[Event "Groningen"]
[Site "Groningen"]
[Date "1995.??.??"]
[Round "7"]
[White "Adams, Michael"]
[Black "Leko, Peter"]
[Result "1/2-1/2"]
[WhiteElo "2660"]
[BlackElo "2605"]
[Annotator "Leko,P"]
[PlyCount "115"]
[EventDate "1995.12.??"]
[EventType "tourn"]
[EventRounds "11"]
[EventCountry "NED"]
[EventCategory "17"]
[SourceTitle "CBM 051"]
[Source "ChessBase"]
[SourceDate "1996.04.01"]
[SourceVersion "1"]
[SourceVersionDate "1996.04.01"]
[SourceQuality "1"]

1. d4 Nf6 2. Bg5 d5 3. e3 Ne4 4. Bf4 c6 5. Bd3 $1 {N} Qb6 (5... Bf5 $2 6. f3
Nd6 7. Bxd6 Bxd3 8. Bxb8 $18) 6. Qc1 (6. Bxe4 $5 Qxb2 7. Nd2 dxe4 8. Nxe4 Qb4+
9. c3 Qa5 10. Nf3 Nd7 11. O-O g6 $13) 6... Qa5+ $1 (6... Nd7 7. Bxe4 dxe4 8.
Nd2 Nf6 9. Ne2 Bf5 10. Ng3 Bg6 11. Be5 $16) 7. c3 Bf5 8. f3 (8. Qc2 Bg6 9. f3
Nf6 10. e4 e6 $13) 8... Nd6 9. Bxf5 Nxf5 10. e4 Nh4 11. Bg3 Ng6 12. Ne2 e6 13.
Nd2 Be7 14. O-O O-O 15. Qc2 Nd7 16. Rae1 Rac8 17. b4 $5 Qd8 $5 (17... Qa6 $1
$10) (17... Qb6 18. Nb3 $14) 18. Qb3 $1 b5 19. a4 a6 20. a5 $1 (20. Ra1 Ra8 21.
Ra2 Nb6 22. axb5 axb5) 20... f5 $1 21. exf5 (21. Nc1 $6 fxe4 22. fxe4 Bg5 $1
23. Qc2 Bxd2 24. Qxd2 Nf6 $15) 21... exf5 (21... Rxf5 $5) 22. Nc1 $5 (22. Nf4
Nxf4 23. Bxf4 Bg5 $1 24. Bxg5 Qxg5 25. f4 Qf6 26. Nf3 Qd6 27. Ne5 Nf6 $10)
22... Bg5 (22... f4 $5 23. Bf2 Bd6 24. Nd3 Qf6 $10) 23. Qc2 Bxd2 24. Qxd2 Qf6
$2 (24... f4 25. Bf2 Qf6 26. Nd3 Rce8 $10) 25. Bf4 $1 $14 Rce8 (25... Nxf4 $5
26. Qxf4 g5 27. Qg3 (27. Qe3 $5 f4 28. Qe7 Qxe7 29. Rxe7 Rf7 30. Rfe1 Kf8 31.
R7e6 $14) 27... f4 28. Qh3 Qf5 $14) 26. Nd3 Kf7 27. g3 $1 Rxe1 28. Rxe1 Re8 29.
Rxe8 Kxe8 30. h4 Ngf8 31. Kf2 Kf7 $2 (31... Ne6 $14) 32. Be5 $1 $16 Qe7 (32...
Qg6 33. Nf4 Qh6 34. Qc2 $1 g6 35. Qe2 $16) (32... Qh6 33. Qxh6 gxh6 34. h5 Ne6
35. f4 $1 Nf6 (35... Nd8 36. Kf3 Ke6 37. g4 Nf7 38. Ne1 Nd8 39. Ng2 Nf7 40. Ne3
$18) 36. Bxf6 Kxf6 37. Ne5 Nd8 38. Nd7+ Ke7 39. Nc5 $18) 33. Qf4 g6 (33... Qe6
34. Qg5 $1) 34. Qh6 Ke8 $138 35. h5 Qf7 36. Bd6 Ne6 37. hxg6 Qxg6 38. Qh4 Qf7
39. Ke3 $1 Qg7 40. Nf4 Ng5 (40... Nxf4 41. Kxf4 $18) 41. Kf2 h6 42. Qh5+ Nf7
43. Bc5 $2 (43. Ne6 $1 Qf6 44. Nc7+ Kd8 45. Bf4 Nb8 46. Qh4 $1 Qxh4 47. gxh4
Kd7 48. Na8 $1 Kc8 49. Nb6+ Kb7 50. Kg3 $18) 43... Qf6 44. Qh1 Nxc5 $1 45. bxc5
b4 $1 $8 46. Nh5 Qg5 47. Qe1+ (47. f4 $5 Qg6 48. cxb4 Nd8 49. Qh4 Kf7 $1 50.
Qxd8 Qxh5 51. Qd7+ Kf8 52. Qd8+ Kf7 53. Qh4 Qd1 $10) 47... Kd7 48. Nf4 Qf6 49.
Qd2 (49. Nd3 bxc3 50. Qxc3 h5 $1 $132) 49... bxc3 50. Qxc3 h5 $1 $132 51. Nxh5
Qh8 52. g4 fxg4 53. fxg4 Nh6 $1 54. Kg3 Nf5+ $1 $10 55. gxf5 Qxh5 56. Qd3 Qg5+
57. Kf2 Qf4+ 58. Ke2 1/2-1/2